Nad jaką rzeką leży... (Ameryka Północna) - Statystyki

Ogólne statystyki
  • Ten quiz został rozwiązany 21 razy
  • Średni wynik to 6 z 16
Statystyki odpowiedzi
Miasto: Rzeka: % Poprawnych
Memphis Missisipi
90%
Saint Louis Missouri
90%
Ciudad Juárez Rio Bravo / Rio Grande
65%
Alakanuk Jukon
45%
Fort Providence Mackenzie
45%
Vancouver (USA) Kolumbia
40%
Waszyngton Potomak
40%
Cincinnati Ohio
35%
Québec Rzeka Świętego Wawrzyńca
30%
Wichita Arkansas
25%
Albany Hudson
25%
Vancouver (CAN) Fraser
15%
Fargo Red River
15%
Calgary Bow
10%
Waco Brazos
10%
Filadelfia Delaware
10%
Nie znaleziono quizów pasujących do podanych kryteriów
Rozkład punktacji
Procent ludzi z każdym wynikiem
Percentyl według liczby udzielonych odpowiedzi
Twoja historia wyników
Nie rozwiązałeś tego quizu